Central Library OPAC University of Rajshahi

Maxwell report : (Record no. 49499)

MARC details
000 -LEADER
fixed length control field 00995cam a22002771 4500
001 - CONTROL NUMBER
control field 49499
003 - CONTROL NUMBER IDENTIFIER
rucl marc code BD-RjUL
005 - DATE AND TIME OF LATEST TRANSACTION
control field 20211209054704.0
008 - FIXED-LENGTH DATA ELEMENTS--GENERAL INFORMATION
fixed length control field 160821s1963 pk 000 0 eng
035 ## - SYSTEM CONTROL NUMBER
System control number BD-RjUL
040 ## - CATALOGING SOURCE
Original cataloging agency DLC
Language of cataloging eng
Transcribing agency WaU
Modifying agency WaU
-- DLC
-- BD-RjUL
041 ## - LANGUAGE CODE
Language code of text/sound track or separate title eng
082 ## - DEWEY DECIMAL CLASSIFICATION NUMBER
Edition number 23
Classification number 354.54
Author mark and year MAX 1963
100 1# - MAIN ENTRY--PERSONAL NAME
Personal name Maxwell, Reginald Maitland
Dates associated with a name 1882
9 (RLIN) 148515
245 10 - TITLE STATEMENT
Title Maxwell report :
Remainder of title report of the Government of India Secretariat organization & procedure, 1937.
260 ## - PUBLICATION, DISTRIBUTION, ETC. (IMPRINT)
Place of publication, distribution, etc. Karachi :
Name of publisher, distributor, etc. National Institute of Public Administration,
Date of publication, distribution, etc. [1963?]
300 ## - PHYSICAL DESCRIPTION
Pagination v, 62 p. ;
Size 25 cm.
500 ## - GENERAL NOTE
General note Cover title.
650 #0 - SUBJECT ADDED ENTRY--TOPICAL TERM
Topical term or geographic name as entry element Executive departments
Geographic subdivision India.
9 (RLIN) 148517
651 #0 - SUBJECT ADDED ENTRY--GEOGRAPHIC NAME
Geographic name India
General subdivision Executive departments.
9 (RLIN) 148518
710 2# - ADDED ENTRY--CORPORATE NAME
Corporate name or jurisdiction name as entry element National Institute of Public Administration (Karachi, Pakistan)
9 (RLIN) 148519
942 ## - ADDED ENTRY ELEMENTS (KOHA)
Source of classification or shelving scheme Dewey Decimal Classification
Koha item type Books
Holdings
Lost status Source of classification or shelving scheme Damaged status Not for loan Collection code Permanent Location Current Location Shelving location Date acquired Source of acquisition Cost, normal purchase price Total Checkouts Full call number Date last seen Copy number Koha item type
  Dewey Decimal Classification     Non-fiction Central Library, University of Rajshahi Central Library, University of Rajshahi   11/12/1968 NIPA 3.10   354.54 MAX 1963 21/08/2016 C-2 Books
  Dewey Decimal Classification     Non-fiction Central Library, University of Rajshahi Central Library, University of Rajshahi   11/12/1968 NIPA 3.10   354.54 MAX 1963 21/08/2016 C-3 Books
  Dewey Decimal Classification     Non-fiction Central Library, University of Rajshahi Central Library, University of Rajshahi   11/12/1968 NIPA 3.10   354.54 MAX 1963 21/08/2016 C-4 Books
  Dewey Decimal Classification     Non-fiction Central Library, University of Rajshahi Central Library, University of Rajshahi   11/12/1968 NIPA 3.10   354.54 MAX 1963 21/08/2016 C-5 Books